| 000 | 00669nam a22001937a 4500 | ||
|---|---|---|---|
| 999 |
_c18960 _d18960 |
||
| 003 | AR-CdUCM | ||
| 008 | 190516b ||||| |||| 00| 0 spa d | ||
| 040 |
_aMUNICIPALIDAD PROVINCIAL DEL CUSCO _cBIBLIOTECA MUNICIPAL DEL CUSCO |
||
| 082 |
_a581.974 / _bS48 |
||
| 100 |
_aSerradell, Narciso _939912 |
||
| 245 |
_aBotánica agrícola mexicana : _b29 cultivos / |
||
| 260 |
_aMéxico : _bSecretaria de Educación Publica, |
||
| 300 |
_a93 paginas ; _c20 cm. |
||
| 505 | _aContenido :El garbanzo --La cebolla --El ajo --La calabaza --El cacao ... | ||
| 650 |
_aBiblioteca agrícola _939913 |
||
| 650 |
_aMéxico _918 |
||
| 942 |
_2ddc _cLIBROS |
||
| 945 |
_arjall _d2019-05-16 |
||